000 00572nam a2200181Ia 4500
008 180921t2005 xxu||||| |||| 00| 0 sin d
041 _asin
080 _a613
_bDIK
100 _aDikkunbura, Sriya
245 _aමවු පදවිය දරන ඔබෙි බිලිදා රැක ගැනිමට උපදෙස්
246 _aMau padaviya darana obe bilidaa raka gaenimata updes III
260 _bGodage
_aColombo
_c2005
300 _a168p., 22 cm
650 _aPregnancy
942 _cBK
999 _c16221
_d16221
003 LK-CoDNM
040 _aLK-CoDNM
_dLK-CoDNM
_eLK-CoDNM